<?xml version="1.0" encoding="UTF-8"?>
<record
    xmlns:xsi="http://www.w3.org/2001/XMLSchema-instance"
    xsi:schemaLocation="http://www.loc.gov/MARC21/slim http://www.loc.gov/standards/marcxml/schema/MARC21slim.xsd"
    xmlns="http://www.loc.gov/MARC21/slim">

  <leader>00723nam a22001937a 4500</leader>
  <datafield tag="999" ind1=" " ind2=" ">
    <subfield code="c">167840</subfield>
    <subfield code="d">167840</subfield>
  </datafield>
  <controlfield tag="005">20190920124338.0</controlfield>
  <datafield tag="010" ind1=" " ind2=" ">
    <subfield code="a">UR-10487</subfield>
  </datafield>
  <datafield tag="020" ind1=" " ind2=" ">
    <subfield code="c">140.00</subfield>
    <subfield code="a">9789383239788</subfield>
  </datafield>
  <datafield tag="035" ind1=" " ind2=" ">
    <subfield code="a">U-9042</subfield>
  </datafield>
  <datafield tag="037" ind1=" " ind2=" ">
    <subfield code="b">DBAD/PUB</subfield>
    <subfield code="a">-</subfield>
  </datafield>
  <datafield tag="082" ind1=" " ind2=" ">
    <subfield code="a">840.44</subfield>
  </datafield>
  <datafield tag="100" ind1=" " ind2=" ">
    <subfield code="a">&#x627; &#x64A;&#x645; &#x633;&#x639;&#x64A;&#x62F; &#x627;&#x644;&#x62F; &#x64A;&#x646; </subfield>
  </datafield>
  <datafield tag="245" ind1=" " ind2=" ">
    <subfield code="a">&#x627; &#x631; &#x62F; &#x648; &#x646;&#x651;&#x631; (&#x645;&#x636;&#x627; &#x645;&#x64A;&#x646;&#x60C;&#x6AF;&#x631; &#x627; &#x645;&#x631; &#x648; &#x62E;&#x637;&#x648; &#x637; &#x646;&#x648; &#x64A;&#x633;&#x6CC;)   </subfield>
    <subfield code="c">&#x627; &#x64A;&#x645; &#x633;&#x639;&#x64A;&#x62F; &#x627;&#x644;&#x62F; &#x64A;&#x646; </subfield>
  </datafield>
  <datafield tag="246" ind1=" " ind2=" ">
    <subfield code="b">Urdu Nasar(Prose,GrammarAnd Letter Writing)  (Urdu)</subfield>
    <subfield code="a">by M.Sayeeduddeen</subfield>
  </datafield>
  <datafield tag="260" ind1=" " ind2=" ">
    <subfield code="a">N.Delhi</subfield>
    <subfield code="b">Applied Books</subfield>
    <subfield code="c">2018 &#x621;</subfield>
  </datafield>
  <datafield tag="270" ind1=" " ind2=" ">
    <subfield code="a">1739/10,Kohinoor hotel,Ptoudi House,Darya Ganj,</subfield>
    <subfield code="b">N.Delhi</subfield>
    <subfield code="e">110002</subfield>
    <subfield code="k">01123266347</subfield>
    <subfield code="l">-</subfield>
  </datafield>
  <datafield tag="300" ind1=" " ind2=" ">
    <subfield code="a">128&#x635; </subfield>
    <subfield code="c">22 Cm(Hb)</subfield>
  </datafield>
  <datafield tag="942" ind1=" " ind2=" ">
    <subfield code="2">ddc</subfield>
    <subfield code="c">UR</subfield>
    <subfield code="h">840.44</subfield>
    <subfield code="m">&#x627; &#x64A; &#x645; </subfield>
  </datafield>
  <datafield tag="952" ind1=" " ind2=" ">
    <subfield code="0">0</subfield>
    <subfield code="1">0</subfield>
    <subfield code="4">0</subfield>
    <subfield code="7">1</subfield>
    <subfield code="8">NFIC</subfield>
    <subfield code="a">DBAD</subfield>
    <subfield code="b">DBAD</subfield>
    <subfield code="d">2019-09-20</subfield>
    <subfield code="e">DBAD/PUB</subfield>
    <subfield code="g">140.00</subfield>
    <subfield code="l">0</subfield>
    <subfield code="o">840.44 &#x627; &#x64A; &#x645;</subfield>
    <subfield code="p">U-9042</subfield>
    <subfield code="r">2019-09-20 00:00:00</subfield>
    <subfield code="t">1</subfield>
    <subfield code="v">140.00</subfield>
    <subfield code="w">2019-09-20</subfield>
    <subfield code="y">UR</subfield>
  </datafield>
</record>
